| 000 | 00954nam a22002175i 4500 | ||
|---|---|---|---|
| 001 | 160102 | ||
| 003 | ES-MaACL | ||
| 005 | 20260301183523.0 | ||
| 008 | 990427s1883 sp |||| | spa d | ||
| 040 |
_aCCPB | B _bspa _cCCPB | B |
||
| 100 | 1 |
_aMontoliú y de Sarriera, Plácido-María de _cMarqués de. _9130114 |
|
| 245 | 1 | 1 |
_a¿D. Alfonso o D. Carlos? _b: estudio histórico-legal acerca del Derecho de Sucesión a la Corona de España / _cpor Plácido Maria de Montoliú y de Sarriera. |
| 250 | _a3ª ed. | ||
| 260 |
_aBarcelona : _b[s.n.], _c1883 ( _fImprenta de Jaime Jepús) |
||
| 300 |
_aXVI, 205, 205 p., [4] h. pleg. ; _c23 cm. |
||
| 600 | 0 | 4 |
_aAlfonso _bXII, _cRey de España _919874 |
| 600 | 1 | 4 |
_aBorbón y Austria-Este, Carlos de, _cDuque de Madrid, _d1848-1909 _9153058 |
| 651 | 4 |
_aEspaña- _xHistoria- _y1843-1873. _98258 |
|
| 852 |
_aES-MaACL _jG-11944 _z-- Enc. hol. conservando la cub. original |
||
| 999 |
_c160102 _d160102 |
||